MARC

LEADER 00000nam0a2200000 4500
001 158383
005 20231101222032.0
010 |a 505002577X 
020 |a RU  |b 91-44279 
035 |a (RuTPU)RU\TPU\book\171774 
090 |a 158383 
100 |a 20090422d1991 m y0rusy5003 ca 
101 1 |a rus  |c fre 
102 |a RU 
105 |a y z 000ay 
200 1 |a Франсуа Вийон  |e пер. с фр.  |f Ж. Фавье 
210 |a Москва  |c Радуга  |d 1991 
215 |a 480 с.  |d 20 см 
600 1 |a Вийон  |b Ф.  |c французский поэт  |f 1431/1432 - после 1463  |g Франсуа  |2 stltpush  |3 (RuTPU)RU\TPU\pers\15875  |9 5540 
610 1 |a Французская поэзия 
610 1 |a 15 век 
675 |a 84  |z rus 
700 1 |a Фавье  |b Ж.  |g Жан  |4 070 
801 0 |a RU  |b RuMRKP  |c 19950417  |g psbo 
801 1 |a RU  |b 63413507  |c 20090422  |g PSBO 
801 2 |a RU  |b 63413507  |c 20090422  |g PSBO 
942 |c BK